000 00467nam a22001817a 4500
003 MPLRDC
005 20220104142615.0
008 210129b ||||| |||| 00| 0 eng d
020 _a7-220-02585-8
082 _a743.257 HX
100 _a黄昕、黄瑛著
245 _a盖世太保揭秘: 血魂魔影
_c
250 _a一版一刷
260 _a
_b四川人民出版社
_c1994
300 _b
650 _a德国--希特勒专制
942 _cBK
_o743.257 HX
999 _c32239
_d32229